[Event "European Women-ch 2023"]
[Site "Petrovac"]
[Date "2023.03.22"]
[Round "5.17"]
[White "Ovod, Evgenija"]
[Black "Slaba, Andrea"]
[Result "1-0"]
[WhiteElo "2305"]
[BlackElo "2061"]
[Annotator "TA"]
[PlyCount "87"]
[EventDate "2023.03.15"]
[EventType "swiss"]
[EventCountry "MNE"]
[SourceTitle "playchess.com"]
[Source "ChessBase"]
[SourceQuality "1"]

1. e4 c6 2. Nf3 d5 3. d3 dxe4 4. dxe4 Qxd1+ 5. Kxd1 Nf6 6. Nbd2 g6 7. Ne5 Be6 8. f3 Bh6 9. c3 Nbd7 10. Nd3 O-O-O 11. Kc2 Ne8 12. g3 f5 13. e5 Nc7 14. f4 Bd5 15. Rg1 c5 16. h4 Bg7 17. a4 h5 18. a5 b6 19. axb6 axb6 20. b3 Kb7 21. c4 Bc6 22. b4 Ra8 23. Rxa8 Kxa8 24. bxc5 Nxc5 25. Nxc5 bxc5 26. Nb3 Be4+ 27. Bd3 Bxd3+ 28. Kxd3 Kb7 29. Nxc5+ Kc6 30. Nb3 Ra8 31. Kc3 e6 32. Rd1 Bf8 33. Be3 Be7 34. Rd2 Ra3 35. Kb2 Ra6 36. Nd4+ Kb7 37. Nb5 Kc6 38. Na7+ Kb7 39. Rd7 Ba3+ 40. Kb3 Bc1 41. Bc5 Kb8 42. Kc2 Ba3 43. Bxa3 Rxa3 44. Rxc7 1-0

[Event "European Women-ch 2023"]
[Site "Petrovac"]
[Date "2023.03.22"]
[Round "5.17"]
[White "Hapala, Elisabeth"]
[Black "Zhezhovska, Monika"]
[Result "1/2-1/2"]
[WhiteElo "2072"]
[BlackElo "1761"]
[Annotator "TA"]
[PlyCount "111"]
[EventDate "2023.03.15"]
[EventType "swiss"]
[EventCountry "MNE"]
[SourceTitle "playchess.com"]
[Source "ChessBase"]
[SourceQuality "1"]

1. e4 c5 2. Nf3 a6 3. c3 d5 4. exd5 Qxd5 5. d4 e6 6. Bd3 Nf6 7. O-O Nc6 8. Re1 Be7 9. Be3 cxd4 10. cxd4 O-O 11. Nc3 Qd6 12. h3 Rd8 13. Qb3 Bd7 14. Rad1 Nb4 15. Bb1 Bc6 16. Ne5 Rac8 17. Bg5 Bd5 18. Nxd5 Qxd5 19. Qg3 Nc2 20. Bxf6 Bxf6 21. Ng4 Qg5 22. Bxc2 Rxc2 23. Qb3 Rcc8 24. Nxf6+ Qxf6 25. Qxb7 Rb8 26. Qxa6 Rxb2 27. Rf1 h6 28. Qa7 Rb4 29. a4 Rbb8 30. a5 Ra8 31. Qb6 Rd5 32. a6 Qd8 33. Qb7 Rd7 34. Qb5 Rd5 35. Qc4 Qb6 36. Ra1 Rxd4 37. Qc2 Rd6 38. Rfb1 Qd8 39. a7 Rd7 40. Qc5 Rc7 41. Qb6 Kh7 42. Kh2 Qe7 43. Qb4 Qxb4 44. Rxb4 Raxa7 45. Rxa7 Rxa7 46. h4 Ra2 47. Kg3 g5 48. hxg5 hxg5 49. f3 Kg6 50. Rb5 Rc2 51. Ra5 f6 52. Rb5 Re2 53. Ra5 f5 54. Ra8 Kg7 55. Ra7+ Kg6 56. Ra8 1/2-1/2

[Event "European Women-ch 2023"]
[Site "Petrovac"]
[Date "2023.03.22"]
[Round "5.18"]
[White "Urh, Zala"]
[Black "Dylag, Emilia"]
[Result "1-0"]
[WhiteElo "2294"]
[BlackElo "2052"]
[Annotator "TA"]
[PlyCount "93"]
[EventDate "2023.03.15"]
[EventType "swiss"]
[EventCountry "MNE"]
[SourceTitle "playchess.com"]
[Source "ChessBase"]
[SourceQuality "1"]

1. d4 Nf6 2. c4 e6 3. Nf3 d5 4. Nc3 Bb4 5. Bg5 dxc4 6. e4 b5 7. a4 c6 8. e5 h6 9. exf6 hxg5 10. fxg7 Rg8 11. g3 Bb7 12. Bg2 Nd7 13. h4 gxh4 14. Rxh4 Qb6 15. Ne5 Rxg7 16. Rh8+ Nf8 17. a5 Qa6 18. Qh5 O-O-O 19. Qh6 Rg6 20. Nxg6 fxg6 21. Kf1 Ba8 22. Qg7 Qb7 23. Qxb7+ Bxb7 24. a6 Ba8 25. Nxb5 cxb5 26. Bxa8 Kc7 27. Bb7 Rxd4 28. Rg8 Rd2 29. Rg7+ Kd6 30. Rb1 Bc5 31. Rf7 Nd7 32. Ke1 Rd3 33. Be4 Rd4 34. f3 Ne5 35. Rb7 b4 36. Rd1 Nd3+ 37. Bxd3 cxd3 38. Kd2 Rd5 39. Rh1 Bf2 40. Rhh7 Ra5 41. Rbd7+ Ke5 42. Kxd3 Rxa6 43. f4+ Kf5 44. Ke2 Bxg3 45. Kf3 Bxf4 46. Rhf7+ Kg5 47. Rxf4 1-0

[Event "European Women-ch 2023"]
[Site "Petrovac"]
[Date "2023.03.22"]
[Round "5.18"]
[White "Walter, Ema"]
[Black "Maras, Marija Mia"]
[Result "1-0"]
[WhiteElo "2048"]
[BlackElo "1051"]
[Annotator "TA"]
[PlyCount "43"]
[EventDate "2023.03.15"]
[EventType "swiss"]
[EventCountry "MNE"]
[SourceTitle "playchess.com"]
[Source "ChessBase"]
[SourceQuality "1"]

1. e4 c5 2. Ne2 Nc6 3. Nbc3 g6 4. d4 cxd4 5. Nxd4 Bg7 6. Be3 Nf6 7. Bc4 O-O 8. f3 e6 9. Qd2 Ne7 10. O-O-O b6 11. Bh6 Bb7 12. Bxg7 Kxg7 13. e5 Nfg8 14. h4 h5 15. g4 hxg4 16. h5 gxf3 17. hxg6 fxg6 18. Qh2 Kf7 19. Ncb5 Nc8 20. Qh7+ Ke8 21. Qxg6+ Ke7 22. Rh7+ 1-0

[Event "European Women-ch 2023"]
[Site "Petrovac"]
[Date "2023.03.22"]
[Round "5.19"]
[White "Schulze, Lara"]
[Black "Skvortsova, Alena"]
[Result "1-0"]
[WhiteElo "2277"]
[BlackElo "2032"]
[Annotator "TA"]
[PlyCount "79"]
[EventDate "2023.03.15"]
[EventType "swiss"]
[EventCountry "MNE"]
[SourceTitle "playchess.com"]
[Source "ChessBase"]
[SourceQuality "1"]

1. e4 c5 2. Nf3 Nc6 3. Bc4 e6 4. O-O a6 5. d4 b5 6. Be2 cxd4 7. Nxd4 Qc7 8. a4 b4 9. Nxc6 dxc6 10. Be3 Nf6 11. Nd2 e5 12. Nc4 Be6 13. a5 Be7 14. f3 Nd7 15. Qe1 O-O 16. Qg3 Kh8 17. Rfd1 f6 18. Kh1 Nc5 19. Nb6 Rad8 20. Qe1 Qb7 21. Qf1 Bc8 22. Nxc8 Qxc8 23. Qf2 Ne6 24. Bb6 Rxd1+ 25. Rxd1 Qb7 26. Bc4 Nd4 27. Qd2 h6 28. h3 Bd8 29. Qxb4 Be7 30. Qd2 Bd8 31. Bc5 Re8 32. b4 Be7 33. Bxe7 Rxe7 34. c3 Nb5 35. Qd8+ Kh7 36. Rd3 c5 37. bxc5 Na3 38. Bg8+ Kg6 39. Qb6 Nc4 40. Bxc4 1-0

[Event "European Women-ch 2023"]
[Site "Petrovac"]
[Date "2023.03.22"]
[Round "5.19"]
[White "Goriachkina, Oksana"]
[Black "Koljevic, Nikolina"]
[Result "1/2-1/2"]
[WhiteElo "1759"]
[BlackElo "2042"]
[Annotator "TA"]
[PlyCount "88"]
[EventDate "2023.03.15"]
[EventType "swiss"]
[EventCountry "MNE"]
[SourceTitle "playchess.com"]
[Source "ChessBase"]
[SourceQuality "1"]

1. d4 Nf6 2. c4 e6 3. Nf3 Bb4+ 4. Nc3 d5 5. Qa4+ Nc6 6. a3 Bxc3+ 7. bxc3 Ne4 8. e3 Nxc3 9. Qc2 Ne4 10. Bd3 Nf6 11. c5 Bd7 12. Rb1 Rb8 13. a4 Qe7 14. O-O e5 15. Nxe5 Nxe5 16. dxe5 Qxe5 17. Bb2 Qe7 18. Bd4 Bc6 19. a5 Rc8 20. Rb2 h6 21. Rfb1 O-O 22. Bf5 Rcd8 23. a6 bxa6 24. Bd3 a5 25. Bb5 Qe6 26. Qa4 Bxb5 27. Rxb5 Qc6 28. Qxa5 Nd7 29. Qxa7 Ra8 30. Qb7 Ra6 31. Qxc6 Rxc6 32. Ra1 f6 33. f4 Kf7 34. Rba5 Rb8 35. Kf2 Rb4 36. Ra6 Nb8 37. R6a4 Rxa4 38. Rxa4 Nd7 39. Ra5 g6 40. Kf3 Nf8 41. g4 f5 42. gxf5 gxf5 43. Ra1 Ne6 44. Ra5 Ke7 1/2-1/2

[Event "European Women-ch 2023"]
[Site "Petrovac"]
[Date "2023.03.22"]
[Round "5.20"]
[White "Zherebtsova, Alexandra"]
[Black "Zhapova, Yana"]
[Result "1/2-1/2"]
[WhiteElo "2155"]
[BlackElo "2269"]
[Annotator "TA"]
[PlyCount "60"]
[EventDate "2023.03.15"]
[EventType "swiss"]
[EventCountry "MNE"]
[SourceTitle "playchess.com"]
[Source "ChessBase"]
[SourceQuality "1"]

1. d4 Nf6 2. c4 e6 3. Nc3 Bb4 4. e3 O-O 5. Nge2 d5 6. a3 Bd6 7. Ng3 c6 8. Be2 Nbd7 9. O-O dxc4 10. Bxc4 e5 11. Ba2 exd4 12. exd4 Nb6 13. Bg5 h6 14. Bxf6 Qxf6 15. Nge4 Qd8 16. Qh5 Be7 17. Rad1 Qd7 18. d5 cxd5 19. Nxd5 Nxd5 20. Bxd5 Qf5 21. Qe2 Rd8 22. Ng3 Qf6 23. Rfe1 Bf8 24. Bxf7+ Kxf7 25. Rxd8 Qxd8 26. Qc4+ Kg6 27. Qe4+ Kf7 28. Qc4+ Kg6 29. Qe4+ Kf7 30. Qc4+ Kg6 1/2-1/2

[Event "European Women-ch 2023"]
[Site "Petrovac"]
[Date "2023.03.22"]
[Round "5.20"]
[White "Humbatova, Nazli"]
[Black "Aydin, Gulenay"]
[Result "1/2-1/2"]
[WhiteElo "1737"]
[BlackElo "2039"]
[Annotator "TA"]
[PlyCount "97"]
[EventDate "2023.03.15"]
[EventType "swiss"]
[EventCountry "MNE"]
[SourceTitle "playchess.com"]
[Source "ChessBase"]
[SourceQuality "1"]

1. e4 c5 2. Nf3 d6 3. d4 cxd4 4. Nxd4 Nf6 5. Nc3 g6 6. Be3 Nc6 7. f3 h5 8. Qd2 Nxd4 9. Bxd4 Bh6 10. Qf2 O-O 11. Bb5 Bd7 12. O-O Bxb5 13. Nxb5 a6 14. Nc3 Bg7 15. Rad1 Rc8 16. Nd5 e6 17. Nxf6+ Bxf6 18. e5 Be7 19. exd6 Bxd6 20. Bb6 Qe7 21. Kh1 Bc5 22. Bxc5 Rxc5 23. Rd3 Rc7 24. Rfd1 Re8 25. c3 e5 26. Qe2 Kg7 27. Re3 Qe6 28. a3 Rce7 29. Re1 Qf6 30. Qc2 Re6 31. c4 Kg8 32. Qc3 Qd8 33. h3 Qc7 34. b3 Qe7 35. b4 Qc7 36. c5 Qe7 37. Qb2 Qg5 38. Qc3 Qf5 39. Re4 Qg5 40. R4e3 Qf5 41. Re4 Qg5 42. R4e3 Qe7 43. Qb2 Qc7 44. Qc3 Kh7 45. Qb2 Qe7 46. Qc3 Qg5 47. Qb2 Qf4 48. Re4 Qg5 49. Qc3 1/2-1/2

[Event "European Women-ch 2023"]
[Site "Petrovac"]
[Date "2023.03.22"]
[Round "5.21"]
[White "Kejzar, Petra"]
[Black "Mamedjarova, Turkan"]
[Result "0-1"]
[WhiteElo "2128"]
[BlackElo "2229"]
[Annotator "TA"]
[PlyCount "120"]
[EventDate "2023.03.15"]
[EventType "swiss"]
[EventCountry "MNE"]
[SourceTitle "playchess.com"]
[Source "ChessBase"]
[SourceQuality "1"]

1. d4 d5 2. c4 e6 3. Nf3 Nf6 4. g3 Be7 5. Bg2 O-O 6. O-O c5 7. Nbd2 Nc6 8. cxd5 exd5 9. dxc5 Bxc5 10. Nb3 Bb6 11. Nbd4 Ne4 12. Be3 Qf6 13. Nxc6 bxc6 14. Bd4 Qe7 15. Bxb6 axb6 16. Qc2 c5 17. b4 Ba6 18. bxc5 bxc5 19. Nd2 f5 20. Rfc1 Rac8 21. e3 Rfe8 22. Re1 Qf6 23. Rac1 Kh8 24. Nb3 Rf8 25. Qd1 Bc4 26. Bf1 Bxf1 27. Rxf1 Qe6 28. Re1 c4 29. Nd4 Qa6 30. Qc2 c3 31. Qe2 Qa3 32. Rc2 Rb8 33. Nb5 Qb4 34. a4 Rfc8 35. f3 Ng5 36. h4 Ne6 37. Rec1 d4 38. Qd3 f4 39. exf4 Rd8 40. Nxc3 dxc3 41. Qxc3 Qxa4 42. Kg2 Qb5 43. Qe3 Nd4 44. Rc7 Qf5 45. Qc3 Ra8 46. Rd1 Ra2+ 47. Rd2 Rxd2+ 48. Qxd2 Ne6 49. Qc2 Qf8 50. Rc4 h6 51. Qg6 Nd4 52. Rc7 Qg8 53. g4 Qa2+ 54. Kh3 Ne6 55. Qc2 Qa3 56. Rc3 Nxf4+ 57. Kh2 Qe7 58. Qf2 Nd3 59. Qg3 Qe2+ 60. Kg1 Qd1+ 0-1

[Event "European Women-ch 2023"]
[Site "Petrovac"]
[Date "2023.03.22"]
[Round "5.21"]
[White "Huseynova, Lala"]
[Black "Petrovska, Katerina"]
[Result "1-0"]
[WhiteElo "1694"]
[BlackElo "1907"]
[Annotator "TA"]
[PlyCount "43"]
[EventDate "2023.03.15"]
[EventType "swiss"]
[EventCountry "MNE"]
[SourceTitle "playchess.com"]
[Source "ChessBase"]
[SourceQuality "1"]

1. e4 e5 2. Nf3 Nc6 3. Bb5 a6 4. Ba4 Nf6 5. O-O Be7 6. Re1 b5 7. Bb3 O-O 8. d3 d6 9. c3 Na5 10. Bc2 c5 11. Nbd2 Nc6 12. Nf1 h6 13. h3 Re8 14. Ne3 Be6 15. Nh2 d5 16. Qf3 d4 17. Nf5 Bf8 18. Bb3 c4 19. dxc4 bxc4 20. Ba4 Rc8 21. Ng4 Bxf5 22. exf5 1-0

[Event "European Women-ch 2023"]
[Site "Petrovac"]
[Date "2023.03.22"]
[Round "5.22"]
[White "Hajiyeva, Laman"]
[Black "Abdulla, Khayala"]
[Result "0-1"]
[WhiteElo "2118"]
[BlackElo "2221"]
[Annotator "TA"]
[PlyCount "58"]
[EventDate "2023.03.15"]
[EventType "swiss"]
[EventCountry "MNE"]
[SourceTitle "playchess.com"]
[Source "ChessBase"]
[SourceQuality "1"]

1. e4 c5 2. Nf3 Nf6 3. e5 Nd5 4. Nc3 e6 5. Nxd5 exd5 6. d4 Nc6 7. dxc5 Bxc5 8. Qxd5 Qb6 9. Bc4 Bxf2+ 10. Ke2 O-O 11. Rf1 Bc5 12. Ng5 Nd4+ 13. Kd1 Ne6 14. Ne4 Qc6 15. Qd3 d6 16. Bd5 Qb6 17. Rf6 dxe5 18. Rh6 f5 19. Rxe6 Bxe6 20. Nxc5 Bxd5 21. Qxd5+ Kh8 22. Qxe5 Rad8+ 23. Bd2 Rfe8 24. Qc3 Qc6 25. Nd3 Qxg2 26. b3 Rc8 27. Qd4 Qe2+ 28. Kc1 Red8 29. Qf2 Qxd3 0-1

[Event "European Women-ch 2023"]
[Site "Petrovac"]
[Date "2023.03.22"]
[Round "5.22"]
[White "Bassari, Senem Gul"]
[Black "Buchholz, Maja Patricia"]
[Result "1-0"]
[WhiteElo "1524"]
[BlackElo "1883"]
[Annotator "NA RC COMBH"]
[PlyCount "73"]
[EventDate "2023.03.15"]
[EventType "swiss"]
[EventCountry "MNE"]
[SourceTitle "playchess.com"]
[Source "ChessBase"]
[SourceQuality "1"]

1. e4 e6 2. d4 d5 3. Nc3 dxe4 4. Nxe4 Nd7 5. Nf3 Ngf6 6. Nxf6+ Nxf6 7. Be3 Be7 8. Bd3 Nd5 9. Qe2 O-O 10. O-O-O c6 11. h4 b5 12. Ng5 h6 13. Nf3 Qa5 14. Kb1 Nb4 15. a3 Nd5 16. Be4 b4 17. Bxd5 cxd5 18. axb4 Bxb4 19. Ne5 Ba3 20. Bc1 Ba6 21. Qg4 Kh7 22. Rh3 Bd6 23. Rg3 Bxe5 24. dxe5 Rg8 25. Qh5 Qc7 26. Rd4 Rac8 27. c3 Qe7 28. Rdg4 f5 29. Rg6 Qf8 30. Rxe6 Bb5 31. Bf4 Be8 32. Qf3 Qc5 33. Be3 Qb5 34. Qxf5+ Kh8 35. Rxh6+ gxh6 36. Qf6+ Kh7 37. Qxh6# 1-0

[Event "European Women-ch 2023"]
[Site "Petrovac"]
[Date "2023.03.22"]
[Round "5.23"]
[White "Saraci, Rinesa"]
[Black "Karaivanova, Petya"]
[Result "0-1"]
[WhiteElo "1503"]
[BlackElo "1875"]
[Annotator "NA RC COMBH"]
[PlyCount "128"]
[EventDate "2023.03.15"]
[EventType "swiss"]
[EventCountry "MNE"]
[SourceTitle "playchess.com"]
[Source "ChessBase"]
[SourceQuality "1"]

1. e4 e5 2. Nf3 Nc6 3. Bb5 a6 4. Ba4 Nf6 5. O-O d6 6. Re1 g6 7. Bxc6+ bxc6 8. c3 Bg7 9. h3 O-O 10. d4 Qe7 11. Bg5 h6 12. dxe5 dxe5 13. Bh4 Rb8 14. Qc2 g5 15. Bg3 Nh5 16. b3 Qc5 17. Bh2 Kh8 18. Qe2 Nf4 19. Qe3 Qe7 20. Nbd2 Rd8 21. Nc4 Rd3 22. Qa7 Rb5 23. Re3 Rxe3 24. Nxe3 Kh7 25. c4 Rb6 26. Re1 Nd3 27. Re2 f6 28. Qa8 Bd7 29. Nf5 Bxf5 30. exf5 c5 31. Qe4 Rd6 32. h4 Kg8 33. hxg5 hxg5 34. g4 Qd7 35. Rd2 Nb4 36. Rxd6 Qxd6 37. a3 Qd1+ 38. Kg2 Nd3 39. Qd5+ Kh8 40. Qf7 e4 41. Qe8+ Kh7 42. Qxe4 Qc2 43. Qe3 Qxb3 44. Qe4 Qc2 45. Nxg5+ fxg5 46. f6+ Kh6 47. Qf5 Ne1+ 48. Kf1 Qxf5 49. gxf5 Nf3 50. fxg7 Nxh2+ 51. Kg2 Kxg7 52. Kxh2 Kf6 53. Kg3 Kxf5 54. Kf3 g4+ 55. Ke3 Ke5 56. Kd3 Kf4 57. Ke2 Ke4 58. Kf1 Kd4 59. Kg2 Kxc4 60. Kg3 Kb3 61. Kxg4 c4 62. f4 c3 63. f5 c2 64. f6 c1=Q 0-1

[Event "European Women-ch 2023"]
[Site "Petrovac"]
[Date "2023.03.22"]
[Round "5.24"]
[White "Rudzinska, Michalina"]
[Black "Makka, Ioulia"]
[Result "1-0"]
[WhiteElo "2212"]
[BlackElo "1949"]
[Annotator "TA"]
[PlyCount "73"]
[EventDate "2023.03.15"]
[EventType "swiss"]
[EventCountry "MNE"]
[SourceTitle "playchess.com"]
[Source "ChessBase"]
[SourceQuality "1"]

1. e4 e5 2. Nf3 Nc6 3. Nc3 Nf6 4. Bb5 Bd6 5. d3 h6 6. Ne2 a6 7. Ba4 b5 8. Bb3 Na5 9. Ng3 Nxb3 10. axb3 g6 11. d4 Qe7 12. O-O Kf8 13. dxe5 Bxe5 14. Nxe5 Qxe5 15. Be3 c5 16. f4 Qc7 17. e5 Ne8 18. Qd5 Bb7 19. Qxc5+ Qxc5 20. Bxc5+ Kg8 21. Rad1 Bc6 22. f5 Nc7 23. e6 dxe6 24. fxg6 fxg6 25. Rd6 Bd5 26. Rd7 Rh7 27. Rxh7 Kxh7 28. Rf7+ Kg8 29. Rxc7 a5 30. Ne2 a4 31. bxa4 Rxa4 32. Kf2 Ra2 33. Bd4 Ra4 34. b3 Ra2 35. Nc1 Ra6 36. Nd3 Ra8 37. Nf4 1-0

[Event "European Women-ch 2023"]
[Site "Petrovac"]
[Date "2023.03.22"]
[Round "5.24"]
[White "Ivanovic, Tara"]
[Black "Kostina, Veronika"]
[Result "0-1"]
[WhiteElo "1472"]
[BlackElo "1855"]
[Annotator "NA RC COMBH"]
[PlyCount "100"]
[EventDate "2023.03.15"]
[EventType "swiss"]
[EventCountry "MNE"]
[SourceTitle "playchess.com"]
[Source "ChessBase"]
[SourceQuality "1"]

1. e4 c5 2. Nf3 d6 3. d4 cxd4 4. Nxd4 Nf6 5. Nc3 Nc6 6. Be2 g6 7. Be3 Bg7 8. f3 a6 9. Qd2 Qc7 10. Nb3 b5 11. Bh6 O-O 12. Bxg7 Kxg7 13. h4 Bb7 14. a3 Ne5 15. O-O-O Nc4 16. Qd4 Rfc8 17. g4 e5 18. Qd3 Ne8 19. g5 Nxa3 20. h5 Nxc2 21. hxg6 hxg6 22. f4 Nb4 23. Qh3 Kf8 24. fxe5 Na2+ 25. Kd2 Nxc3 26. bxc3 dxe5 27. Qh8+ Ke7 28. Qh3 Bxe4 29. Rhf1 Bf5 30. Qe3 Rd8+ 31. Ke1 Rxd1+ 32. Bxd1 Rc8 33. Nd4 Qxc3+ 34. Qxc3 Rxc3 35. Nxf5+ gxf5 36. Rxf5 Ke6 37. Bg4 Rg3 38. Rf4+ Kd6 39. Re4 f5 40. Bxf5 Rxg5 41. Bc8 Nc7 42. Re2 Kc5 43. Rc2+ Kb6 44. Rh2 a5 45. Rh6+ Kc5 46. Bd7 Nd5 47. Ra6 a4 48. Rc6+ Kb4 49. Kd2 a3 50. Ra6 a2 0-1

[Event "European Women-ch 2023"]
[Site "Petrovac"]
[Date "2023.03.22"]
[Round "5.25"]
[White "Pirvulescu, Ekaterina"]
[Black "Lehaci, Miruna-Daria"]
[Result "0-1"]
[WhiteElo "2032"]
[BlackElo "2202"]
[Annotator "TA"]
[PlyCount "138"]
[EventDate "2023.03.15"]
[EventType "swiss"]
[EventCountry "MNE"]
[SourceTitle "playchess.com"]
[Source "ChessBase"]
[SourceQuality "1"]

1. e4 e5 2. Nf3 Nc6 3. Bb5 a6 4. Ba4 Nge7 5. Nc3 Ng6 6. d4 exd4 7. Nxd4 Nxd4 8. Qxd4 b5 9. Bb3 Bb7 10. Qd3 Bd6 11. Bd2 O-O 12. O-O-O Nf4 13. Bxf4 Bxf4+ 14. Kb1 d6 15. g3 Be5 16. Bd5 c6 17. Bb3 Qa5 18. f4 Bxc3 19. Qxc3 Qxc3 20. bxc3 Rfd8 21. Rhe1 Kf8 22. a4 Bc8 23. axb5 axb5 24. Kb2 Bg4 25. Ra1 h6 26. Rxa8 Rxa8 27. c4 b4 28. c3 bxc3+ 29. Kxc3 Ke7 30. e5 c5 31. exd6+ Kxd6 32. Kb2 Be6 33. Rd1+ Kc6 34. Bc2 Kc7 35. Be4 Re8 36. Bd5 Rd8 37. Kc3 Bxd5 38. cxd5 Kd6 39. Rd2 Re8 40. Kc4 Re4+ 41. Kc3 f5 42. Ra2 Kxd5 43. Rd2+ Rd4 44. Re2 Re4 45. Rd2+ Rd4 46. Re2 Rc4+ 47. Kb3 Re4 48. Rd2+ Kc6 49. Rd8 Re2 50. Rg8 Kd5 51. Rxg7 Rxh2 52. Kc3 Ke4 53. Rg6 h5 54. Kc4 h4 55. gxh4 Rxh4 56. Kxc5 Kxf4 57. Rg1 Ke3 58. Re1+ Kf2 59. Re5 f4 60. Kd4 f3+ 61. Kd3 Rh8 62. Rf5 Re8 63. Rf7 Kg2 64. Rg7+ Kf1 65. Rf7 f2 66. Kd2 Rd8+ 67. Kc2 Rg8 68. Kd2 Kg1 69. Ke2 Re8+ 0-1

[Event "European Women-ch 2023"]
[Site "Petrovac"]
[Date "2023.03.22"]
[Round "5.25"]
[White "Recica, Jona"]
[Black "Silva, Mariana Sofia T."]
[Result "0-1"]
[WhiteElo "1231"]
[BlackElo "1920"]
[Annotator "TA"]
[PlyCount "120"]
[EventDate "2023.03.15"]
[EventType "swiss"]
[EventCountry "MNE"]
[SourceTitle "playchess.com"]
[Source "ChessBase"]
[SourceQuality "1"]

1. e4 c6 2. d4 d5 3. Nc3 dxe4 4. Nxe4 Nf6 5. Ng3 h5 6. h4 c5 7. Nf3 Nc6 8. Be3 Bg4 9. dxc5 Nd5 10. Bc4 Nxe3 11. fxe3 Qa5+ 12. Qd2 Bxf3 13. Qxa5 Nxa5 14. Bxf7+ Kxf7 15. O-O e5 16. b4 Ke6 17. Rxf3 Nc6 18. c3 a6 19. Raf1 Be7 20. Nf5 Bf6 21. Nd6 Rab8 22. g3 Rhf8 23. Ne4 Be7 24. Ng5+ Kd7 25. Rd1+ Ke8 26. Rxf8+ Kxf8 27. Ne4 Rd8 28. Rb1 Ke8 29. a4 Rd5 30. c4 Rd3 31. Kf2 Ra3 32. b5 axb5 33. axb5 Nd8 34. Rd1 Ra2+ 35. Kf3 Rc2 36. Rd5 Nf7 37. Nd2 Bxc5 38. Rxc5 Rxd2 39. Ke4 g6 40. Rc7 Rd7 41. Rxd7 Kxd7 42. Kd5 b6 43. c5 bxc5 44. Kxc5 Nd6 45. Kd5 Nxb5 46. Kxe5 Ke7 47. e4 Nc7 48. Kf4 Ne6+ 49. Ke5 Kf7 50. Kd5 Kf6 51. Kc4 Ke5 52. Kd3 Nc5+ 53. Ke3 Nxe4 54. Kf3 Kf5 55. Ke3 Nxg3 56. Kf3 Ne4 57. Ke3 Nd6 58. Kf3 Nf7 59. Kg3 Ne5 60. Kh3 Kf4 0-1

[Event "European Women-ch 2023"]
[Site "Petrovac"]
[Date "2023.03.22"]
[Round "5.26"]
[White "Lomaia, Diana"]
[Black "Richterova, Natasa"]
[Result "1/2-1/2"]
[WhiteElo "1950"]
[BlackElo "2190"]
[Annotator "TA"]
[PlyCount "110"]
[EventDate "2023.03.15"]
[EventType "swiss"]
[EventCountry "MNE"]
[SourceTitle "playchess.com"]
[Source "ChessBase"]
[SourceQuality "1"]

1. d4 d5 2. c4 c6 3. Nf3 Nf6 4. Nc3 e6 5. e3 Nbd7 6. Qc2 Bd6 7. Be2 dxc4 8. Bxc4 O-O 9. O-O b5 10. Bd3 Bb7 11. e4 e5 12. Rd1 exd4 13. Nxd4 Qc7 14. h3 a6 15. Nf5 Bf4 16. Bxf4 Qxf4 17. Ne2 Qc7 18. Qd2 Ne5 19. Qg5 Ne8 20. Nf4 f6 21. Qg3 Bc8 22. Rac1 Nxd3 23. Nxd3 Bxf5 24. Qxc7 Nxc7 25. exf5 Nd5 26. Rxc6 Ne7 27. Rc5 Rfd8 28. Re1 Nxf5 29. Nb4 g6 30. Nd5 Rd6 31. Ne7+ Kf8 32. Nxf5 gxf5 33. Rxf5 Rc8 34. Re2 Rc1+ 35. Kh2 Kf7 36. Rf3 h5 37. Kg3 Rg1 38. Rf4 Rd8 39. f3 Rg8+ 40. Kh2 Ra1 41. a3 Rd8 42. Rfe4 Rb1 43. Kg3 Rd3 44. Re7+ Kg6 45. R7e6 a5 46. Ra6 a4 47. Rb6 Rd5 48. Rc6 Rg5+ 49. Kf2 Rd5 50. h4 Kg7 51. Kg3 Kg6 52. Kf4 Rf5+ 53. Kg3 Rd5 54. Kf4 Rf5+ 55. Ke4 Rd5 1/2-1/2

[Event "European Women-ch 2023"]
[Site "Petrovac"]
[Date "2023.03.22"]
[Round "5.27"]
[White "Zaksaite, Salomeja"]
[Black "Shuqja, Klean"]
[Result "1-0"]
[WhiteElo "2187"]
[BlackElo "1884"]
[Annotator "TA"]
[PlyCount "59"]
[EventDate "2023.03.15"]
[EventType "swiss"]
[EventCountry "MNE"]
[SourceTitle "playchess.com"]
[Source "ChessBase"]
[SourceQuality "1"]

1. d4 Nf6 2. Nc3 e6 3. e4 Bb4 4. Bd3 d6 5. Bg5 h6 6. Bh4 e5 7. dxe5 Bxc3+ 8. bxc3 dxe5 9. Ne2 O-O 10. f4 Qd6 11. f5 Nbd7 12. O-O Nc5 13. Bxf6 Qxf6 14. Ng3 Rd8 15. Qf3 b6 16. Rad1 Ba6 17. Nh5 Qh4 18. g3 Qh3 19. f6 g6 20. Ng7 Bc8 21. Bc4 Bg4 22. Rxd8+ Rxd8 23. Qe3 c6 24. Re1 Bc8 25. Bf1 Qd7 26. Nf5 Qd2 27. Ne7+ Kh7 28. Qxd2 Rxd2 29. Nxc8 Rxc2 30. Nxa7 1-0

[Event "European Women-ch 2023"]
[Site "Petrovac"]
[Date "2023.03.22"]
[Round "5.28"]
[White "Kobak, Polina"]
[Black "Calzetta Ruiz, Monica"]
[Result "1-0"]
[WhiteElo "1815"]
[BlackElo "2185"]
[Annotator "TA"]
[PlyCount "107"]
[EventDate "2023.03.15"]
[EventType "swiss"]
[EventCountry "MNE"]
[SourceTitle "playchess.com"]
[Source "ChessBase"]
[SourceQuality "1"]

1. d4 Nf6 2. c4 c5 3. d5 b5 4. cxb5 a6 5. bxa6 g6 6. Nc3 Bxa6 7. Nf3 Bg7 8. e4 Bxf1 9. Kxf1 d6 10. g3 O-O 11. Kg2 Na6 12. Qe2 Nd7 13. a4 Qb6 14. Nd2 Nc7 15. Ra3 Qa6 16. Qxa6 Rxa6 17. Nc4 Rb8 18. Nb5 Nxb5 19. axb5 Rxa3 20. Nxa3 Nb6 21. Re1 Na4 22. Re2 Kf8 23. f4 Bd4 24. Kf3 f5 25. g4 fxe4+ 26. Kxe4 Ke8 27. h4 Kf7 28. Rh2 Nb6 29. h5 Nd7 30. g5 Bg7 31. Rh3 c4 32. Be3 Bxb2 33. Nxc4 Bg7 34. hxg6+ hxg6 35. b6 Ra8 36. Bd4 Ra4 37. Rh7 Rxc4 38. Rxg7+ Kf8 39. Rxg6 Nxb6 40. Rh6 Nd7 41. Kd3 Ra4 42. Rh8+ Kf7 43. Rh7+ Kf8 44. g6 Nc5+ 45. Ke3 Ra3+ 46. Ke2 Ra2+ 47. Kf1 e5 48. Bxc5 dxc5 49. fxe5 c4 50. Rc7 Ra5 51. g7+ Kg8 52. d6 Rxe5 53. d7 Rd5 54. Rc8+ 1-0

[Event "European Women-ch 2023"]
[Site "Petrovac"]
[Date "2023.03.23"]
[Round "6.1"]
[White "Kiolbasa, Oliwia"]
[Black "Bulmaga, Irina"]
[Result "1-0"]
[WhiteElo "2406"]
[BlackElo "2438"]
[Annotator "TA"]
[PlyCount "119"]
[EventDate "2023.03.15"]
[EventType "swiss"]
[EventCountry "MNE"]
[SourceTitle "playchess.com"]
[Source "ChessBase"]
[SourceQuality "1"]

1. e4 e5 2. Nf3 Nc6 3. Bb5 a6 4. Ba4 Nf6 5. Nc3 b5 6. Bb3 Bd6 7. d3 Na5 8. Bg5 Nxb3 9. axb3 Bb7 10. d4 exd4 11. Qxd4 O-O 12. e5 Bxf3 13. Bxf6 gxf6 14. exd6 Re8+ 15. Kd2 Bc6 16. Rae1 Re6 17. dxc7 Qxc7 18. Rxe6 dxe6 19. Qxf6 b4 20. Qg5+ Kh8 21. Qf6+ Kg8 22. Nd1 Qa5 23. Ne3 Rd8+ 24. Ke2 Bb5+ 25. Kf3 Qc7 26. h4 Qc6+ 27. Kg3 Qc7+ 28. Kh3 Rd7 29. Ng4 h5 30. Qg5+ Kf8 31. Nf6 Rd4 32. Nxh5 Rd5 33. Qh6+ Ke7 34. Qf6+ Kd6 35. Qf4+ e5 36. Qf6+ Kc5 37. Ng3 Bd7+ 38. Kh2 Kb5 39. Re1 Be6 40. Re2 a5 41. h5 e4 42. h6 Rf5 43. Qg7 Qd6 44. Rxe4 Rh5+ 45. Kg1 Qd1+ 46. Nf1 Qd5 47. Rd4 Qc5 48. Rd2 Qg5 49. Qxg5+ Rxg5 50. Rd8 Rh5 51. Rh8 Kc6 52. Ne3 Kd7 53. g4 Rh4 54. Kg2 Ke7 55. Kg3 Rh1 56. f4 f6 57. f5 Bd7 58. Nd5+ Kd6 59. Nxf6 Bc6 60. h7 1-0